Seoul Metropolitan Subway Shinbundang Line Stations - Statistics

General Stats
  • This quiz has been taken 15 times
  • The average score is 13 of 16
Answer Stats
Station
Number
Station Name Transfer % Correct
D07 Gangnam Line 2
100%
D11 Pangyo(Pangyo Techno Valley) Gyeonggang Line
100%
D04 Sinsa Line 3
100%
D08 Yangjae(Seocho-gu Office) Line 3
100%
D12 Jeongja Suin-Bundang Line
91%
D05 Nonhyeon Line 7
91%
D09 Yangjae Citizen's Forest(Maeheon)
91%
D19 Gwanggyo(Kyonggi Univ.)
82%
D06 Sinnonhyeon Line 9
82%
D10 Cheonggyesan
73%
D13 Migeum(Seoul Nat'l Bundang Hospital) Suin-Bundang Line
73%
D18 Gwanggyo Jungang(Ajou Univ.)
64%
D14 Dongcheon
55%
D17 Sanghyeon
55%
D15 Suji-gu Office
55%
D16 Seongbok
45%
No matching quizzes found
Score Distribution
Percent of People with Each Score
Percentile by Number Answered
Your Score History
You have not taken this quiz